000 00354cam a2200169ua 4500
001 8511
008 130730n ii |||gr||||Z||||||eng
040 _aMAIN
041 _aEnglish
082 _bBHA
100 _aBhatia,H.L.
245 _aPublic Finance
250 _a13th.
260 _aDelhi:
_bVikas Publishig House.
300 _a650.
942 _cBK
999 _c8499
_d8499